[Event "Elite POM"]
[Site "Montreal CAN"]
[Date "2012.10.08"]
[Round "6.5"]
[White "Chiku-Ratte, Olivier-Kenta"]
[Black "Jiang, Louie"]
[Result "0-1"]
[WhiteElo "2214"]
[BlackElo "2357"]
[PlyCount "84"]
[GameId "2160767909444813"]
[EventDate "2012.10.05"]
[EventType "swiss"]
[EventRounds "7"]
[EventCountry "CAN"]
[SourceTitle "EXT 2022"]
[Source "ChessBase"]
[SourceDate "2021.10.06"]
[SourceVersion "1"]
[SourceVersionDate "2021.10.06"]
[SourceQuality "1"]

1. d4 Nf6 2. c4 e6 3. Nc3 Bb4 4. e3 b6 5. Nge2 Ne4 6. Qc2 f5 7. a3 Bxc3+ 8. Nxc3 Bb7 9. Nxe4 Bxe4 10. Bd3 Bxd3 11. Qxd3 O-O 12. O-O d6 13. f3 Nd7 14. e4 f4 15. g3 g5 16. gxf4 gxf4 17. Kh1 Kh8 18. Rg1 Qf6 19. Bd2 Rg8 20. Bc3 Rxg1+ 21. Rxg1 Rg8 22. Rxg8+ Kxg8 23. b4 Kf8 24. c5 Ke7 25. c6 Nf8 26. d5 e5 27. Qf1 Qh4 28. Be1 Qh5 29. h4 Kf6 30. Qh3 Kg7 31. Kg2 Kh6 32. Bf2 Kg7 33. Qc8 Qf7 34. Qa8 Qe7 35. Qxa7 Ng6 36. Kh3 Qd8 37. Qb7 Kh6 38. Kg4 Nxh4 39. Bxh4 Qg8+ 40. Kh3 Qg1 41. Be1 Qh1+ 42. Kg4 Qh5# 0-1

[Event "Elite POM"]
[Site "Montreal CAN"]
[Date "2012.10.08"]
[Round "6.6"]
[White "Robichaud, Louis"]
[Black "Le Duin, Thierry"]
[Result "0-1"]
[WhiteElo "2141"]
[BlackElo "2023"]
[PlyCount "66"]
[GameId "2160767909444814"]
[EventDate "2012.10.05"]
[EventType "swiss"]
[EventRounds "7"]
[EventCountry "CAN"]
[SourceTitle "EXT 2022"]
[Source "ChessBase"]
[SourceDate "2021.10.06"]
[SourceVersion "1"]
[SourceVersionDate "2021.10.06"]
[SourceQuality "1"]

1. e4 d5 2. exd5 Nf6 3. d4 Bg4 4. Nf3 Qxd5 5. Be2 Nc6 6. O-O O-O-O 7. Be3 Qh5 8. h3 e5 9. hxg4 Nxg4 10. Nh4 f5 11. Bxg4 fxg4 12. g3 exd4 13. Bc1 g5 14. Ng2 Ne5 15. Ne1 Rd6 16. f4 Rh6 17. Ng2 Nf3+ 18. Kf2 Bc5 19. Qd3 Rf8 20. Nd2 gxf4 21. Ne4 fxg3+ 22. Ke2 Re6 23. Kd1 Qe5 24. Nxc5 Qxc5 25. Bf4 Rd8 26. a4 Re3 27. Qb5 Qe7 28. Qf5+ Kb8 29. Qxg4 Nh2 30. Qg5 Nxf1 31. Qxe7 Rxe7 32. Bg5 Rde8 33. Bxe7 Rxe7 0-1

[Event "Elite POM"]
[Site "Montreal CAN"]
[Date "2012.10.08"]
[Round "6.7"]
[White "Guo, Forest"]
[Black "Yu, Zong Yang"]
[Result "1/2-1/2"]
[WhiteElo "1928"]
[BlackElo "2139"]
[PlyCount "86"]
[GameId "2160767909444815"]
[EventDate "2012.10.05"]
[EventType "swiss"]
[EventRounds "7"]
[EventCountry "CAN"]
[SourceTitle "EXT 2022"]
[Source "ChessBase"]
[SourceDate "2021.10.06"]
[SourceVersion "1"]
[SourceVersionDate "2021.10.06"]
[SourceQuality "1"]

1. Nf3 Nf6 2. c4 g6 3. Nc3 Bg7 4. d4 O-O 5. Bf4 d6 6. e3 Nbd7 7. Be2 c6 8. O-O a6 9. h3 b5 10. Rc1 Nb6 11. b3 b4 12. Nb1 Bf5 13. Bd3 Bxd3 14. Qxd3 Nfd7 15. Bg3 Qc8 16. e4 c5 17. e5 cxd4 18. exd6 e5 19. Rfe1 Re8 20. Nbd2 f5 21. Nxe5 Bxe5 22. Bxe5 Nxe5 23. Qxd4 Ned7 24. Rxe8+ Qxe8 25. c5 Rc8 26. Qxb4 Rc6 27. a4 Nd5 28. Qb7 Qc8 29. Qxc8+ Rxc8 30. c6 Nb4 31. c7 Nd3 32. Rc6 a5 33. Ra6 Kf7 34. Rxa5 Ke6 35. Nc4 Nb4 36. Rb5 Nc6 37. a5 Ra8 38. b4 Na7 39. Rb7 Nc8 40. a6 Kd5 41. a7 Rxa7 42. Rb8 Nxd6 43. Ne3+ Kc6 1/2-1/2

[Event "Elite POM"]
[Site "Montreal CAN"]
[Date "2012.10.08"]
[Round "6.8"]
[White "Libersan, Thierry"]
[Black "Sprumont, Oscar"]
[Result "1-0"]
[WhiteElo "2111"]
[BlackElo "1916"]
[PlyCount "75"]
[GameId "2160767909444816"]
[EventDate "2012.10.05"]
[EventType "swiss"]
[EventRounds "7"]
[EventCountry "CAN"]
[SourceTitle "EXT 2022"]
[Source "ChessBase"]
[SourceDate "2021.10.06"]
[SourceVersion "1"]
[SourceVersionDate "2021.10.06"]
[SourceQuality "1"]

1. e4 c6 2. d4 d5 3. e5 Bf5 4. Nf3 e6 5. Nbd2 c5 6. dxc5 Bxc5 7. Nb3 Bf8 8. Bb5+ Nc6 9. O-O Nge7 10. Nfd4 h6 11. Be3 a6 12. Bxc6+ bxc6 13. Nc5 Qc7 14. f4 Bh7 15. g4 Ng6 16. Ncxe6 fxe6 17. Nxe6 Qd7 18. f5 Nxe5 19. Bf4 Nc4 20. Nc7+ Kf7 21. Nxa8 Bc5+ 22. Kh1 Rxa8 23. Qf3 Bd6 24. b3 Nb6 25. Rae1 Nc8 26. Re6 Kf8 27. Rfe1 Bg8 28. R6e2 Bxf4 29. Qxf4 Nd6 30. f6 g5 31. Qb4 Bf7 32. Re7 Qd8 33. h4 Qb8 34. Qc5 Kg8 35. Qxc6 Ne8 36. Rxf7 Kxf7 37. Qe6+ Kg6 38. h5+ 1-0

[Event "Elite POM"]
[Site "Montreal CAN"]
[Date "2012.10.08"]
[Round "6.9"]
[White "Wu, Qiyou"]
[Black "Zhu, Hong Rui"]
[Result "0-1"]
[WhiteElo "2041"]
[BlackElo "2074"]
[PlyCount "96"]
[GameId "2160767909444817"]
[EventDate "2012.10.05"]
[EventType "swiss"]
[EventRounds "7"]
[EventCountry "CAN"]
[SourceTitle "EXT 2022"]
[Source "ChessBase"]
[SourceDate "2021.10.06"]
[SourceVersion "1"]
[SourceVersionDate "2021.10.06"]
[SourceQuality "1"]

1. e4 c5 2. Nf3 d6 3. d4 cxd4 4. Nxd4 Nf6 5. Nc3 g6 6. Be3 Bg7 7. f3 Nc6 8. Qd2 O-O 9. Bc4 Bd7 10. O-O-O Rc8 11. Bb3 Nxd4 12. Bxd4 b5 13. Nd5 Nxd5 14. Bxg7 Kxg7 15. exd5 a5 16. a3 Kg8 17. h4 b4 18. axb4 axb4 19. Qxb4 Rc5 20. h5 Qa8 21. Qd4 Bf5 22. g4 Bxc2 23. Bxc2 Rfc8 24. Kb1 Rc4 25. Qe3 Rxc2 26. Rd3 Qb7 27. Rb3 Qxd5 28. hxg6 fxg6 29. Rd3 Qf7 30. Re1 R2c7 31. f4 Ra8 32. Qe6 Ra4 33. Qxf7+ Kxf7 34. Rh3 Kg7 35. Rf3 Kf6 36. b3 Rd4 37. Rh1 Kg7 38. g5 Rb7 39. Rh4 e5 40. Rfh3 Kg8 41. fxe5 Rxh4 42. Rxh4 Rxb3+ 43. Kc2 Rb5 44. exd6 Rd5 45. Kc3 Rxd6 46. Rd4 Rxd4 47. Kxd4 h6 48. gxh6 Kh7 0-1

[Event "Elite POM"]
[Site "Montreal CAN"]
[Date "2012.10.08"]
[Round "6.10"]
[White "Lopez Linares, Lizandro"]
[Black "Nikulich, Oleksandr"]
[Result "1-0"]
[WhiteElo "2096"]
[BlackElo "1825"]
[PlyCount "89"]
[GameId "2160767909444818"]
[EventDate "2012.10.05"]
[EventType "swiss"]
[EventRounds "7"]
[EventCountry "CAN"]
[SourceTitle "EXT 2022"]
[Source "ChessBase"]
[SourceDate "2021.10.06"]
[SourceVersion "1"]
[SourceVersionDate "2021.10.06"]
[SourceQuality "1"]

1. d4 Nf6 2. Nf3 e6 3. Bf4 c5 4. e3 b6 5. c3 Bb7 6. Nbd2 d6 7. Bd3 Nbd7 8. Qe2 Be7 9. h3 O-O 10. O-O Rc8 11. e4 Ne8 12. Rfe1 g6 13. Rad1 Ng7 14. e5 d5 15. Nf1 Re8 16. g4 f6 17. Ng3 fxe5 18. Bxe5 Bf6 19. Qd2 Nxe5 20. Nxe5 Bg5 21. f4 Bh4 22. Kh2 Rc7 23. Rf1 Rf8 24. Ne2 Bf6 25. Ng1 Bxe5 26. fxe5 Rcf7 27. Rxf7 Rxf7 28. Kg3 Qf8 29. Qe3 cxd4 30. cxd4 Rc7 31. Rf1 Qe7 32. Nf3 Rc8 33. Qh6 Ne8 34. Ng5 Qg7 35. Rf8+ Kxf8 36. Nxe6+ Kg8 37. Nxg7 Nxg7 38. h4 Ne6 39. h5 Nf8 40. hxg6 hxg6 41. Qg5 Rc6 42. Qd8 Re6 43. Qc7 Bc6 44. Qxa7 Bd7 45. Qb7 1-0

[Event "Elite POM"]
[Site "Montreal CAN"]
[Date "2012.10.08"]
[Round "6.11"]
[White "Cardin, Guillaume"]
[Black "Poulin, Mathieu"]
[Result "1/2-1/2"]
[WhiteElo "2021"]
[BlackElo "2039"]
[PlyCount "98"]
[GameId "2160767909444819"]
[EventDate "2012.10.05"]
[EventType "swiss"]
[EventRounds "7"]
[EventCountry "CAN"]
[SourceTitle "EXT 2022"]
[Source "ChessBase"]
[SourceDate "2021.10.06"]
[SourceVersion "1"]
[SourceVersionDate "2021.10.06"]
[SourceQuality "1"]

1. e4 c6 2. d4 d5 3. exd5 cxd5 4. Bd3 Nf6 5. c3 Bg4 6. Qb3 Qc8 7. h3 Bh5 8. g4 Bg6 9. Bxg6 hxg6 10. g5 Nfd7 11. Qxd5 e6 12. Qf3 Nc6 13. Bf4 Be7 14. Nd2 O-O 15. h4 e5 16. dxe5 Ndxe5 17. Qe4 Bc5 18. Bxe5 Nxe5 19. Ngf3 Ng4 20. O-O Re8 21. Qc4 b5 22. Qf4 Re2 23. Ne4 Bb6 24. Nfd2 Qf5 25. Qg3 Re8 26. Nd6 Nxf2 27. Nxf5 Ne4+ 28. Kh1 Nxg3+ 29. Nxg3 Rxd2 30. Rad1 Red8 31. Rxd2 Rxd2 32. Re1 Kf8 33. Ne4 Rd3 34. Kg2 Re3 35. Rxe3 Bxe3 36. Kf3 Bc1 37. b3 Ke7 38. c4 bxc4 39. bxc4 f5 40. gxf6+ gxf6 41. Nc3 Bb2 42. Nb5 a6 43. Nc7 a5 44. Nd5+ Kd6 45. Nf4 g5 46. Nd5 Bc3 47. hxg5 fxg5 48. a4 Bd2 49. Ke4 Bb4 1/2-1/2

[Event "Elite POM"]
[Site "Montreal CAN"]
[Date "2012.10.08"]
[Round "6.12"]
[White "Gueorguiev, Valentin"]
[Black "Pichette, Mickaelin"]
[Result "0-1"]
[WhiteElo "1996"]
[BlackElo "1894"]
[PlyCount "94"]
[GameId "2160767909444820"]
[EventDate "2012.10.05"]
[EventType "swiss"]
[EventRounds "7"]
[EventCountry "CAN"]
[SourceTitle "EXT 2022"]
[Source "ChessBase"]
[SourceDate "2021.10.06"]
[SourceVersion "1"]
[SourceVersionDate "2021.10.06"]
[SourceQuality "1"]

1. Nf3 d5 2. g3 c5 3. Bg2 Nc6 4. O-O e5 5. d3 f5 6. Bg5 Qc7 7. c4 d4 8. Na3 a6 9. Qa4 Bd7 10. Nh4 h6 11. Bd2 g5 12. Ng6 Nce7 13. Nb5 Bxb5 14. cxb5 Nxg6 15. bxa6+ Ke7 16. Rfc1 Rxa6 17. Qb5 Rb6 18. Qa5 Kf7 19. b4 Nf6 20. bxc5 Rc6 21. Bxc6 Qxc6 22. Rab1 Nd5 23. Bb4 h5 24. a4 h4 25. Qb5 hxg3 26. fxg3 Nf6 27. Qxc6 bxc6 28. Rf1 f4 29. a5 Nd5 30. a6 Nxb4 31. Rxb4 Bxc5 32. Rc4 Bd6 33. Rxc6 Ke6 34. Rb1 Ne7 35. Rcb6 Nd5 36. Rb7 Nc3 37. R1b2 Bc5 38. Rg7 fxg3 39. hxg3 Ra8 40. Rxg5 Kf6 41. Rh5 Rg8 42. Kh2 Ke6 43. Rc2 Rf8 44. e4 dxe3 45. Rxc3 e2 46. Rc1 Rf1 47. Rh6+ Kd5 0-1

[Event "Elite POM"]
[Site "Montreal CAN"]
[Date "2012.10.08"]
[Round "6.13"]
[White "Zhou, Qiyu"]
[Black "Cote-Lalumiere, Tristan"]
[Result "1/2-1/2"]
[WhiteElo "1921"]
[BlackElo "1840"]
[PlyCount "70"]
[GameId "2160767909444821"]
[EventDate "2012.10.05"]
[EventType "swiss"]
[EventRounds "7"]
[EventCountry "CAN"]
[SourceTitle "EXT 2022"]
[Source "ChessBase"]
[SourceDate "2021.10.06"]
[SourceVersion "1"]
[SourceVersionDate "2021.10.06"]
[SourceQuality "1"]

1. e4 c5 2. Nc3 d6 3. f4 Nc6 4. Bb5 g6 5. Bxc6+ bxc6 6. Nf3 Bg7 7. O-O e6 8. d3 Rb8 9. Qe1 Ne7 10. Rb1 O-O 11. Bd2 Ba6 12. Qh4 c4 13. d4 d5 14. e5 Nf5 15. Qf2 c5 16. g4 Nxd4 17. Nxd4 cxd4 18. Qxd4 Qb6 19. Be3 Qxd4 20. Bxd4 Rb7 21. Rf2 Rfb8 22. Na4 Bf8 23. b3 cxb3 24. axb3 Rb4 25. Rd1 Bb5 26. Nc3 Rxd4 27. Rxd4 Bc5 28. Nxb5 Rxb5 29. Rdd2 Kf8 30. Kg2 Bxf2 31. Kxf2 Rb4 32. Kf3 a5 33. Rd1 a4 34. bxa4 Rxa4 35. Rb1 Rc4 1/2-1/2

[Event "Elite POM"]
[Site "Montreal CAN"]
[Date "2012.10.08"]
[Round "7.1"]
[White "Hambleton, Aman"]
[Black "Kraiouchkine, Nikita"]
[Result "1-0"]
[WhiteElo "2293"]
[BlackElo "2322"]
[PlyCount "65"]
[GameId "2160767909444822"]
[EventDate "2012.10.05"]
[EventType "swiss"]
[EventRounds "7"]
[EventCountry "CAN"]
[SourceTitle "EXT 2022"]
[Source "ChessBase"]
[SourceDate "2021.10.06"]
[SourceVersion "1"]
[SourceVersionDate "2021.10.06"]
[SourceQuality "1"]

1. d4 d5 2. c4 c6 3. Nc3 Nf6 4. e3 g6 5. Nf3 Bg7 6. Be2 O-O 7. O-O Bg4 8. cxd5 Nxd5 9. Bd2 e6 10. h3 Bxf3 11. Bxf3 Nd7 12. Rc1 N7b6 13. Qb3 a5 14. Ne4 Qe7 15. Nc5 a4 16. Qc2 e5 17. dxe5 Bxe5 18. Nd3 f5 19. Nxe5 Qxe5 20. Rfe1 a3 21. bxa3 Rxa3 22. e4 fxe4 23. Rxe4 Qf6 24. Rce1 Rfa8 25. Bh6 Nd7 26. Re8+ Rxe8 27. Bxd5+ cxd5 28. Rxe8+ Kf7 29. Qc8 Qc6 30. Rf8+ Ke6 31. Qe8+ Kd6 32. Bf4+ Kc5 33. Qe7+ 1-0

[Event "Elite POM"]
[Site "Montreal CAN"]
[Date "2012.10.08"]
[Round "7.2"]
[White "Kovalyov, Anton"]
[Black "Jiang, Louie"]
[Result "1/2-1/2"]
[WhiteElo "2589"]
[BlackElo "2357"]
[PlyCount "72"]
[GameId "2160767909444823"]
[EventDate "2012.10.05"]
[EventType "swiss"]
[EventRounds "7"]
[EventCountry "CAN"]
[SourceTitle "EXT 2022"]
[Source "ChessBase"]
[SourceDate "2021.10.06"]
[SourceVersion "1"]
[SourceVersionDate "2021.10.06"]
[SourceQuality "1"]

1. c4 Nf6 2. Nc3 e6 3. Nf3 c5 4. g3 b6 5. Bg2 Bb7 6. O-O Be7 7. d4 cxd4 8. Qxd4 Nc6 9. Qf4 O-O 10. Rd1 h6 11. b3 Rc8 12. Bb2 a6 13. e4 d6 14. Ba3 Ne8 15. Qe3 Qc7 16. Rac1 Nb8 17. Nd4 Nf6 18. h3 Rfe8 19. e5 dxe5 20. Ndb5 axb5 21. Nxb5 Bxa3 22. Nxc7 Rxc7 23. Qxb6 Ree7 24. Qa7 Bxc1 25. Qxb8+ Rc8 26. Rd8+ Rxd8 27. Qxd8+ Re8 28. Qd6 e4 29. a4 e5 30. Kf1 Kh7 31. a5 Bc8 32. Ke2 Bb2 33. Qc6 Bf5 34. g4 Bg6 35. a6 Rd8 36. Qa4 Bc3 1/2-1/2

[Event "Elite POM"]
[Site "Montreal CAN"]
[Date "2012.10.08"]
[Round "7.3"]
[White "Le Duin, Thierry"]
[Black "Sambuev, Bator"]
[Result "0-1"]
[WhiteElo "2023"]
[BlackElo "2594"]
[PlyCount "76"]
[GameId "2160767909444824"]
[EventDate "2012.10.05"]
[EventType "swiss"]
[EventRounds "7"]
[EventCountry "CAN"]
[SourceTitle "EXT 2022"]
[Source "ChessBase"]
[SourceDate "2021.10.06"]
[SourceVersion "1"]
[SourceVersionDate "2021.10.06"]
[SourceQuality "1"]

1. d4 Nf6 2. Nf3 g6 3. c4 Bg7 4. Nc3 O-O 5. Bf4 d6 6. e3 c5 7. Be2 Qb6 8. Qb3 Qxb3 9. axb3 Nc6 10. O-O b6 11. Rfd1 Bf5 12. Bd3 Bg4 13. d5 Nb4 14. Be2 h6 15. h3 Bf5 16. Ne1 g5 17. Bh2 Ne4 18. Nxe4 Bxe4 19. Rd2 Bg6 20. f3 a6 21. g4 f5 22. Nd3 f4 23. e4 Bd4+ 24. Kh1 Be3 25. Rdd1 Nc2 26. Rab1 Nd4 27. Re1 Nxb3 28. Bg1 b5 29. cxb5 axb5 30. Bxe3 fxe3 31. Kg2 Kg7 32. Bd1 Nd2 33. Rc1 Nxe4 34. Rxe3 Nf6 35. Rxe7+ Rf7 36. Rxf7+ Bxf7 37. Nxc5 dxc5 38. Rxc5 Nxd5 0-1

[Event "Elite POM"]
[Site "Montreal CAN"]
[Date "2012.10.08"]
[Round "7.4"]
[White "Larochelle, Martial"]
[Black "Wan, Kevin"]
[Result "1/2-1/2"]
[WhiteElo "2201"]
[BlackElo "1828"]
[PlyCount "267"]
[GameId "2160767909444825"]
[EventDate "2012.10.05"]
[EventType "swiss"]
[EventRounds "7"]
[EventCountry "CAN"]
[SourceTitle "EXT 2022"]
[Source "ChessBase"]
[SourceDate "2021.10.06"]
[SourceVersion "1"]
[SourceVersionDate "2021.10.06"]
[SourceQuality "1"]

1. d4 d5 2. c4 c6 3. Nf3 Nf6 4. Nc3 e6 5. Bg5 Nbd7 6. cxd5 exd5 7. e3 Be7 8. Qc2 h6 9. Bf4 Nf8 10. h3 Ne6 11. Bh2 b6 12. Bd3 Bb7 13. O-O O-O 14. Bf5 Nc7 15. Rfd1 Bd6 16. Ne5 Bxe5 17. Bxe5 Nce8 18. Bd3 Nd6 19. Re1 Qe7 20. Rad1 Nd7 21. Bg3 Rae8 22. f3 Qf6 23. Bf2 c5 24. dxc5 bxc5 25. Nb5 Nxb5 26. Bxb5 Bc6 27. Bxc6 Qxc6 28. e4 dxe4 29. Rxe4 Rxe4 30. Qxe4 Qxe4 31. fxe4 Nf6 32. Bxc5 Rb8 33. b3 Rb5 34. Bxa7 Ra5 35. Bd4 Rxa2 36. b4 Nxe4 37. b5 Ra8 38. b6 Rb8 39. Rc1 f6 40. Rc7 Nd6 41. Rd7 Nc4 42. b7 Na5 43. Bb6 Nxb7 44. Ba7 Re8 45. Rxb7 Kh7 46. Bd4 Kg6 47. Kf2 Ra8 48. Bc3 Rc8 49. Rb3 Re8 50. Bd4 Rd8 51. Be3 Rc8 52. Rb7 Rd8 53. Rb4 Rc8 54. Rg4+ Kf7 55. Kf3 Ra8 56. Rb4 Kg6 57. Rb5 Re8 58. g3 Rc8 59. h4 h5 60. Ke4 Re8+ 61. Kf4 Rc8 62. Rd5 Rc4+ 63. Rd4 Rc8 64. Rd7 Rc4+ 65. Bd4 Rc8 66. g4 hxg4 67. Kxg4 Rc4 68. Rd5 Ra4 69. Rd7 Ra5 70. Be3 Ra4+ 71. Bf4 Ra5 72. Rd8 Kh7 73. Rf8 Ra7 74. h5 Rb7 75. h6 Kg6 76. hxg7 Kxg7 77. Rd8 Kg6 78. Rd6 Ra7 79. Be5 Rf7 80. Bd4 Rf8 81. Kf4 Rf7 82. Rd8 Re7 83. Rd6 Rf7 84. Rc6 Rf8 85. Rb6 Rf7 86. Rb1 Rd7 87. Rg1+ Kf7 88. Ke4 Re7+ 89. Kf5 Re2 90. Rb1 Re6 91. Rb7+ Re7 92. Rb6 Rd7 93. Bxf6 Rd5+ 94. Be5 Ke7 95. Rh6 Kd7 96. Rh7+ Kc6 97. Ke6 Rd1 98. Rc7+ Kb6 99. Rc2 Kb5 100. Bd6 Re1+ 101. Kd7 Rd1 102. Rc5+ Ka4 103. Rc3 Kb5 104. Kc7 Rd4 105. Rg3 Kc4 106. Kc6 Rd3 107. Rg4+ Rd4 108. Rg2 Kd3 109. Bc5 Rh4 110. Rg5 Rf4 111. Kd5 Rf3 112. Bd6 Re3 113. Rg4 Rf3 114. Ra4 Ke3 115. Ra2 Rf5+ 116. Be5 Rf3 117. Rb2 Kd3 118. Ra2 Ke3 119. Ra4 Kd3 120. Bf4 Kc2 121. Ke4 Rc3 122. Be5 Rc8 123. Ra2+ Kb3 124. Rb2+ Ka3 125. Rb7 Rc4+ 126. Kd3 Rc6 127. Bc3 Rd6+ 128. Kc2 Ka4 129. Rb4+ Ka3 130. Rb5 Ra6 131. Rb8 Ka4 132. Rb4+ Ka3 133. Rh4 Rc6 134. Rh6 1/2-1/2

[Event "Elite POM"]
[Site "Montreal CAN"]
[Date "2012.10.08"]
[Round "7.5"]
[White "Libersan, Thierry"]
[Black "Ibrahim, Anthony"]
[Result "1/2-1/2"]
[WhiteElo "2111"]
[BlackElo "2166"]
[PlyCount "62"]
[GameId "2160767909444826"]
[EventDate "2012.10.05"]
[EventType "swiss"]
[EventRounds "7"]
[EventCountry "CAN"]
[SourceTitle "EXT 2022"]
[Source "ChessBase"]
[SourceDate "2021.10.06"]
[SourceVersion "1"]
[SourceVersionDate "2021.10.06"]
[SourceQuality "1"]

1. e4 c5 2. Nf3 d6 3. d4 cxd4 4. Qxd4 Nc6 5. Bb5 Bd7 6. Bxc6 Bxc6 7. Nc3 Nf6 8. Bg5 e6 9. O-O-O Be7 10. Qd3 Qa5 11. h4 O-O 12. Nd4 Rac8 13. Kb1 Rfe8 14. f4 Ng4 15. Qg3 h5 16. f5 Bf8 17. fxe6 fxe6 18. Rhf1 g6 19. Rxf8+ Rxf8 20. Nxe6 Rf7 21. Qxd6 Qe5 22. Nf4 Qxd6 23. Rxd6 Kh7 24. a4 Re8 25. Nfd5 Rd7 26. Rxd7+ Bxd7 27. Nf6+ Nxf6 28. Bxf6 Bc6 29. e5 Bxg2 30. Nb5 Bc6 31. Nd6 Rf8 1/2-1/2

[Event "Elite POM"]
[Site "Montreal CAN"]
[Date "2012.10.08"]
[Round "7.6"]
[White "Zhu, Hong Rui"]
[Black "Masse, Hugues"]
[Result "1-0"]
[WhiteElo "2074"]
[BlackElo "2255"]
[PlyCount "259"]
[GameId "2160767909444827"]
[EventDate "2012.10.05"]
[EventType "swiss"]
[EventRounds "7"]
[EventCountry "CAN"]
[SourceTitle "EXT 2022"]
[Source "ChessBase"]
[SourceDate "2021.10.06"]
[SourceVersion "1"]
[SourceVersionDate "2021.10.06"]
[SourceQuality "1"]

1. e4 c5 2. Nf3 d6 3. d4 cxd4 4. Nxd4 Nf6 5. Nc3 a6 6. Be2 e5 7. Nb3 Be7 8. O-O O-O 9. Be3 Be6 10. f4 exf4 11. Bxf4 d5 12. exd5 Nxd5 13. Nxd5 Bxd5 14. Bf3 Qb6+ 15. Kh1 Bxf3 16. Qxf3 Nc6 17. c3 Rad8 18. Rad1 Rxd1 19. Rxd1 Rd8 20. h3 Rxd1+ 21. Qxd1 Qf2 22. Qd2 Qxd2 23. Nxd2 g5 24. Be3 f5 25. Nf3 f4 26. Bc1 Kf7 27. g3 fxg3 28. Bxg5 Kg6 29. Bxe7 Nxe7 30. Kg2 Nf5 31. Nd4 Nxd4 32. cxd4 Kf5 33. Kxg3 Ke4 34. Kg4 Kxd4 35. Kg5 Kd3 36. Kh6 Kc2 37. b4 Kb2 38. Kxh7 Kxa2 39. h4 b6 40. h5 a5 41. b5 a4 42. h6 a3 43. Kg8 Kb1 44. h7 a2 45. h8=Q a1=Q 46. Qh7+ Ka2 47. Qa7+ Kb1 48. Qxb6 Qa8+ 49. Kg7 Qa1+ 50. Kf7 Qa2+ 51. Ke7 Qe2+ 52. Kd7 Qd3+ 53. Kc8 Qf5+ 54. Kb7 Qd7+ 55. Ka6 Qc8+ 56. Ka7 Qd7+ 57. Qb7 Qd4+ 58. b6 Ka2 59. Ka8 Kb1 60. Qc6 Qd8+ 61. Ka7 Qd4 62. Qb5+ Kc1 63. Ka6 Qd6 64. Qb3 Kd2 65. Qc4 Ke1 66. Ka7 Qa3+ 67. Kb8 Qf8+ 68. Qc8 Qd6+ 69. Qc7 Qf8+ 70. Ka7 Qa3+ 71. Kb7 Qf3+ 72. Kb8 Qf8+ 73. Qc8 Qd6+ 74. Ka7 Qa3+ 75. Qa6 Qc5 76. Qa1+ Kf2 77. Qf6+ Ke1 78. Qe6+ Kf1 79. Qf6+ Ke1 80. Kb8 Qd5 81. Qe7+ Kf1 82. b7 Qg8+ 83. Kc7 Qc4+ 84. Kd8 Qg8+ 85. Kd7 Qd5+ 86. Ke8 Qb5+ 87. Kf8 Kg1 88. Qg7+ Kh1 89. Qh6+ Kg2 90. Qd2+ Kh1 91. Qe1+ Kg2 92. Qe4+ Kg1 93. Qg4+ Kh1 94. Qh3+ Kg1 95. Qg3+ Kh1 96. Qh4+ Kg1 97. Qg4+ Kh1 98. Qe4+ Kg1 99. Ke7 Qg5+ 100. Kd6 Qd8+ 101. Kc6 Qf6+ 102. Kc7 Qg7+ 103. Kd6 Qh6+ 104. Qe6 Qh2+ 105. Kc5 Qc7+ 106. Qc6 Qa5+ 107. Qb5 Qc7+ 108. Kb4 Qb8 109. Qb6+ Kh2 110. Kb5 Qe5+ 111. Ka6 Qa1+ 112. Qa5 Qf6+ 113. Ka7 Qd4+ 114. Ka8 Qe4 115. Qb5 Qf3 116. Qc4 Qa3+ 117. Kb8 Kg1 118. Qd4+ Kf1 119. Qf4+ Ke1 120. Qe5+ Kf1 121. Kc7 Qa7 122. Qf6+ Ke1 123. Qb6 Qa3 124. Qe6+ Kf1 125. b8=Q Qc5+ 126. Kd7 Qd4+ 127. Qbd6 Qa7+ 128. Ke8 Qa8+ 129. Kf7 Qb7+ 130. Qde7 1-0

[Event "Elite POM"]
[Site "Montreal CAN"]
[Date "2012.10.08"]
[Round "7.7"]
[White "Guo, Forest"]
[Black "Chiku-Ratte, Olivier-Kenta"]
[Result "1-0"]
[WhiteElo "1928"]
[BlackElo "2214"]
[PlyCount "65"]
[GameId "2160767909444828"]
[EventDate "2012.10.05"]
[EventType "swiss"]
[EventRounds "7"]
[EventCountry "CAN"]
[SourceTitle "EXT 2022"]
[Source "ChessBase"]
[SourceDate "2021.10.06"]
[SourceVersion "1"]
[SourceVersionDate "2021.10.06"]
[SourceQuality "1"]

1. Nf3 Nf6 2. c4 c5 3. d4 cxd4 4. Nxd4 g6 5. Nc3 Bg7 6. e4 d6 7. Be2 Nc6 8. Be3 O-O 9. O-O Nxd4 10. Bxd4 Bd7 11. Rc1 Bc6 12. f3 a5 13. Qd2 Nd7 14. Rfd1 a4 15. Bxg7 Kxg7 16. Qd4+ Kg8 17. b4 axb3 18. axb3 Nc5 19. Rb1 Ra3 20. b4 Nb3 21. Qe3 e5 22. Nb5 Bxb5 23. Rxb3 Rxb3 24. Qxb3 Qb6+ 25. Kf1 Bc6 26. Rxd6 Qc7 27. Rd1 Ra8 28. b5 Bd7 29. c5 Rd8 30. Qd5 Rc8 31. Qxd7 Qxc5 32. Qxb7 Qc2 33. Qb6 1-0

[Event "Elite POM"]
[Site "Montreal CAN"]
[Date "2012.10.08"]
[Round "7.8"]
[White "Lopez Linares, Lizandro"]
[Black "Yu, Zong Yang"]
[Result "1-0"]
[WhiteElo "2096"]
[BlackElo "2139"]
[PlyCount "105"]
[GameId "2160767909444829"]
[EventDate "2012.10.05"]
[EventType "swiss"]
[EventRounds "7"]
[EventCountry "CAN"]
[SourceTitle "EXT 2022"]
[Source "ChessBase"]
[SourceDate "2021.10.06"]
[SourceVersion "1"]
[SourceVersionDate "2021.10.06"]
[SourceQuality "1"]

1. d4 Nf6 2. c4 e6 3. Nf3 b6 4. g3 Bb7 5. Bg2 Bb4+ 6. Bd2 Qe7 7. O-O Bxd2 8. Qxd2 O-O 9. Nc3 d6 10. d5 e5 11. e4 a5 12. Nh4 Bc8 13. h3 Na6 14. b3 Nc5 15. Rae1 Bd7 16. Nf5 Bxf5 17. exf5 Rfe8 18. g4 Nfd7 19. Nb5 Na6 20. f4 Qh4 21. fxe5 Rxe5 22. Rxe5 Nxe5 23. f6 g6 24. Qe3 h6 25. Nd4 Qg5 26. Qxg5 hxg5 27. Be4 Re8 28. Bb1 Nc5 29. Nb5 Rc8 30. Kg2 Kf8 31. Kg3 Ke8 32. Na7 Ra8 33. Nc6 Kd7 34. Nxe5+ dxe5 35. Re1 Kd6 36. h4 gxh4+ 37. Kxh4 e4 38. Kg5 Ke5 39. a3 Kd4 40. Kh6 Rd8 41. Kg7 Nd3 42. Rd1 Kc3 43. Kxf7 Nf2 44. Rg1 Kxb3 45. Ke7 Ra8 46. Re1 Kxc4 47. Re2 Kxd5 48. Rxf2 Kd4 49. Re2 e3 50. Bxg6 b5 51. Be8 c6 52. f7 Ra7+ 53. Bd7 1-0

[Event "Elite POM"]
[Site "Montreal CAN"]
[Date "2012.10.08"]
[Round "7.9"]
[White "Sprumont, Oscar"]
[Black "Robichaud, Louis"]
[Result "1-0"]
[WhiteElo "1916"]
[BlackElo "2141"]
[PlyCount "71"]
[GameId "2160767909444830"]
[EventDate "2012.10.05"]
[EventType "swiss"]
[EventRounds "7"]
[EventCountry "CAN"]
[SourceTitle "EXT 2022"]
[Source "ChessBase"]
[SourceDate "2021.10.06"]
[SourceVersion "1"]
[SourceVersionDate "2021.10.06"]
[SourceQuality "1"]

1. e4 e5 2. Nf3 Nc6 3. Bc4 Bc5 4. c3 Nf6 5. d3 d6 6. b4 Bb6 7. a4 a6 8. O-O O-O 9. Nbd2 Qe7 10. Bb3 Be6 11. Nc4 Rad8 12. Nxb6 cxb6 13. b5 Nb8 14. Be3 Qc7 15. Bxe6 fxe6 16. bxa6 Nxa6 17. Qb3 Qd7 18. Bxb6 Rde8 19. Qb5 Qf7 20. Rab1 Qh5 21. Rbe1 g5 22. Nd2 Re7 23. Nc4 Ne8 24. Qb3 Rf4 25. Qd1 g4 26. Re3 Rg7 27. Rg3 Qg5 28. h3 h5 29. hxg4 h4 30. Rh3 Rxg4 31. Ne3 Rxg2+ 32. Kh1 Nc5 33. Bd8 Qg6 34. Bxh4 Nxe4 35. dxe4 Qxe4 36. Qf3 1-0